Footballers by Club History - Statistics

General Stats
  • This quiz has been taken 312 times
    122 since last reset
  • The average score is 13 of 22
Answer Stats
Hint Answer % Correct
Sporting CP - Manchester United - Real Madrid - Juventus - Manchester United - Al Nassr Cristiano Ronaldo
100%
Groningen - Celtic - Southampton - Liverpool Virgil Van Dijk
92%
Barcelona - Paris Saint-Germain - Inter Miami Lionel Messi
88%
Bryne FK - Molde - RB Salzburg - Borussia Dortmund - Manchester City Erling Braut Haaland
83%
El Mokawloon - Basel - Chelsea - Roma - Liverpool Mohamed Salah
76%
Hamburger SV - Bayer Leverkusen - Tottenham Hotspur Son Heung-min
70%
Schalke 04 - Bayern Munich Manuel Neuer
68%
Anderlecht - Chelsea - Everton - Manchester United - Inter Milan - Chelsea Romelu Lukaku
64%
Stade Rennais - Borussia Dortmund - Barcelona - Paris Saint-Germain Ousmane Dembélé
63%
Fluminense - Real Madrid - Olympiacos - Fluminense Marcelo
60%
Grenoble - Tours - Montpellier - Arsenal - Chelsea - A.C. Milan - LAFC Olivier Giroud
58%
Vancouver Whitecaps - Bayern Munich Alphonso Davies
57%
PSV Eindhoven - Manchester United - Lyon - Barcelona - Atlético Madrid Memphis Depay
54%
Auxerre - Utrecht - Eintracht Frankfurt - West Ham United - Ajax - Borussia Dortmund Sébastien Haller
51%
Feyenoord - PSV Eindhoven - Newcastle United - Liverpool - Paris Saint-Germain - Al-Ettifaq Georginio Wijnaldum
46%
RB Leipzig - VfB Stuttgart - Bayern Munich Joshua Kimmich
46%
Vélez Sarsfield - Porto - Valencia - Manchester City - Benfica Nicolás Otamendi
43%
Lille - Paris Saint-Germain - Barcelona - Everton - Aston Villa Lucas Digne
40%
Sheffield United - Bournemouth - Sheffield United - Arsenal Aaron Ramsdale
39%
Thrasyvoulos - AEK Athens - Olympiacos - Roma - Napoli - Olympiacos - Sharjah - Salernitana Kostas Manolas
36%
Twente - Werder Bremen - Stoke City - West Ham United - Shanghai SIPG - Bologna - Inter Milan Marko Arnautovic
35%
Sporting CP - Porto - AS Monaco - Wolverhampton Wanderers - Braga João Moutinho
26%
No matching quizzes found
Score Distribution
Percent of People with Each Score
Percentile by Number Answered
Your Score History
You have not taken this quiz since the last reset